000 00947nam a22001937a 4500
003 OSt
005 20260408020211.0
008 260408b |||||||| |||| 00| 0 eng d
040 _aDWCL GS lib
_cOC
082 _aFic. W515w 2002
100 _aNicholson, William
245 _abook three in the wind on fire trilogy:
_bfiresong
_cWilliam Nicholson
260 _aNew York
_bHyperion Paperbacks
_cc2002
300 _a422
_c23cm
520 _aFiresong (2002) is the third and final installment in William Nicholson's Wind on Fire trilogy, following The Wind Singer and Slaves of the Mastery. The novel follows twins Bowman and Kestrel Hath, along with the remnants of the Manth people, on a treacherous journey to find their promised homeland while facing starvation, evil, and the necessity of sacrifice.
546 _aEnglish
700 _aWilliam nicholson
942 _2ddc
_cFIC.
_hFic. W515w 2002
_n0
999 _c9341
_d9341